000 00674cam a2200193 i 4500
005 20251203121708.0
008 250721s2005 jo gr 000 0 ara d
082 1 4 _a214
_bم ن ا
100 1 _aالمناصره، نبيل محمدالحميد
_eمؤلف.
245 1 0 _aرسالة الحق إلى سائر الخلق /
_cتاليف نبيل محمد عبد الحميد المناصره.
250 _aالطبعه الاولى.
264 3 1 _aعمان :
_bالمؤلف،
_c2005.
300 _a80 صفحه.
650 1 7 _aالعقيدة الدينية.
650 1 7 _aالإيمان.
650 1 7 _aالإسلام.
942 _2ddc
_cBK
999 _c95567
_d95567